000 00520nam a2200193Ia 4500
005 20250508151932.0
008 008 250505s9999 xx 000 0 eng d
037 _aTextual
040 _aFEDL
_beng
_cFEDL
041 _aeng
_2eng
084 _a370.7, COL
_qFEDL
100 _aColliss Gertrude F. M.
_9760406
245 0 _aFamily of forty
260 _aLondon, UK
_bW. and R. Chambers Ltd.
_c1956
300 _a96p.
650 _aEducation
942 _cTEXL
_h370.7, COL
999 _c1333070
_d1333070